000 00971nam a2200253Ia 4500
003 OSt
005 20221005112630.0
006 a|||||r|||| 00| 0
007 ta
008 221004b |||||||| |||| 00| 0 pan d
020 _a9789380427326 (hbk)
_c150
024 _a2049
037 _b174, 18/12/2012, Orange Books International
_cTextual
040 _aCRL
_cCRL
_bpan
041 _2pan
_apan
082 _aO153,1:g, Q1
100 _aਪਰਵਾਨਾ, ਕੇਵਲ ਸਿੰਘ
245 0 _aਆਧੁਨਿਕਤਾ ਅਤੇ ਆਧੁਨਿਕ ਪੰਜਾਬੀ ਕਾਵਿ ਪ੍ਰਵਿਰਤੀਆਂ
260 _aਜਲੰਧਰ
_bਸੁੰਦਰ ਬੁੱਕ ਡਿਪੋ ਭਾਰਤ
_c2011
300 _a136ਪੰ
_ccm.
650 _aਪੰਜਾਬੀ ਸਾਹਿਤ
942 _hO153,1:g, Q1
_cTEXL
_2cc
999 _c1025461
_d1025461